000 01067nam a2200313 a 4500
001 000108536
003 CHAP
005 20220329144016.0
008 140221s2012 mx sm |||||||spa d
010 _a104998
011 _a105970
040 _cCHAP
090 _aTesis
100 1 _aTejeda Sartorius, David
_9125557
245 1 0 _aExperiencias en conservación de suelos forestales
_h[En línea]
_cpor David Tejeda Sartorius.
260 _aChapingo, Méx. :
_bEl autor,
_c2012.
500 _aPara ver el contenido del material haga clic en la liga
502 _aTesis (Ing. Agr. Esp. en Suelos) -- UACH. Departamento de Suelos
590 _aBATCH-UPD
_b10
_c20140324
_lUCH01
_h1535
590 _aBATCH-UPD
_b10
_c20141002
_lUCH01
_h0856
590 _aE11695DGD
_b10
_c20140225
_lUCH01
_h1209
590 _aE6096MTM
_b05
_c20140221
_lUCH01
_h1139
650 1 4 _aSuelos forestales.
_9110548
650 1 4 _aSuelos
_xConservación.
_9110283
856 _aFinding aid
_uhttp://10.13.5.2/tesis/sist108536.pdf
_zTeclea aquí
901 _aBK
942 _cCD
942 _n0
999 _c104998
_d104998